The Earth transformed : (Record no. 13659)
[ view plain ]
| 000 -LEADER | |
|---|---|
| fixed length control field | 00712nam a2200217 a 4500 |
| 001 - CONTROL NUMBER | |
| JCCL Control Number | 13659 |
| 003 - CONTROL NUMBER IDENTIFIER | |
| JCCL marc code | BD-JhCC |
| 005 - DATE AND TIME OF LATEST TRANSACTION | |
| control field | 20240313150042.0 |
| 008 - FIXED-LENGTH DATA ELEMENTS--GENERAL INFORMATION | |
| fixed length control field | 240313b2023 nyua|||| ||a| 001 0 eng d |
| 020 ## - INTERNATIONAL STANDARD BOOK NUMBER | |
| International Standard Book Number | 9781526622563 |
| 035 ## - SYSTEM CONTROL NUMBER | |
| system control number | (BD-JhCC)13659 |
| 040 ## - CATALOGING SOURCE | |
| Original cataloging agency | BD-JhCC |
| Modifying agency | BD-JhCC |
| 041 ## - LANGUAGE CODE | |
| Language code of Book | english |
| 082 ## - DEWEY DECIMAL CLASSIFICATION NUMBER | |
| Classification number | 909.0971241 |
| Author mark and Year | FRA 2023 |
| 100 ## - MAIN ENTRY--PERSONAL NAME | |
| Personal name | Frankopan, Peter |
| 245 ## - TITLE STATEMENT | |
| Title | The Earth transformed : |
| Remainder of title | An Untold History / |
| Statement of responsibility, etc | Peter Frankopan . |
| 260 ## - PUBLICATION, DISTRIBUTION, ETC. (IMPRINT) | |
| Place of publication, distribution, etc | London: |
| Name of publisher, distributor, etc | Bloomsbury Publishing; |
| Date of publication, distribution, etc | 2023. |
| 300 ## - PHYSICAL DESCRIPTION | |
| Pagination | 696 p. : |
| Other physical details | ill; |
| Dimensions | 24 cm. |
| 650 ## - SUBJECT ADDED ENTRY--TOPICAL TERM | |
| Topical term or geographic name as entry element | Algemene geschiedenis |
| Form subdivision | Catastrophes naturelles Histoire |
| General subdivision | Climat Changements Histoire |
| Chronological subdivision | Climatic changes |
| Geographic subdivision | Climatic changes History |
| 942 ## - ADDED ENTRY ELEMENTS (KOHA) | |
| Source of classification or shelving scheme | Dewey Decimal Classification |
| Koha item type | Books |
| Source of classification or shelving scheme | Damaged status | Not for loan | Home library | Current library | Shelving location | Date of accession | Cost, normal purchase price | Total Checkouts | Full call number | Barcode | Date last seen | Date checked out | Copy number | Method of acquisition | Koha item type | Currency |
|---|---|---|---|---|---|---|---|---|---|---|---|---|---|---|---|---|
| Dewey Decimal Classification | JCC Rouf Library | JCC Rouf Library | General Stacks | 750.00 | 1 | 909.0971241 FRA 2023 | 19104 | 05/09/2024 | 04/30/2024 | C-1 | Purchase | Books | BDT |